Normal view
MARC view
Entry Personal Name
001 - CONTROL NUMBER
- control field: 86403
003 - CONTROL NUMBER IDENTIFIER
- control field: dpl
005 - DATE AND TIME OF LATEST TRANSACTION
- control field: 20260114161810.0
008 - FIXED-LENGTH DATA ELEMENTS
- fixed length control field: 260114|| aca||aabn | a|a d
040 ## - CATALOGING SOURCE
- Original cataloging agency: dpl
- Transcribing agency: dpl
100 ## - HEADING--PERSONAL NAME
- Personal name: Gooley, Jason
670 ## - SOURCE DATA FOUND
- Source citation: Work cat.: (dpl)214149: Edgeworth, Bradley 86401, CCNP and CCIE Enterprise Core ENCOR 350-401 /, 2026
